Ler doce ler (Registo nº 3964)

Detalhes MARC
000 -Etiqueta do registo
Cabeçalho 00785nam a2200289 4500
005 - Identificador da versão
Campo de controlo 20240813122049.0
010 ## - Número internacional normalizado dos livros (ISBN)
Número (ISBN) 9727103839
021 ## - Número do Depósito Legal
Código do país PT
Número 219033/04
100 ## - Dados gerais de processamento
Dados gerais de processamento 20060705d2004 c y0pory5003 ba
102 ## - Pais de publicação ou produção
País de publicação Portugal
101 0# - Língua de publicação
Língua do texto, banda sonora, etc. Português
106 ## - Campo de dados codificados: material textual
Dados codificados do material textual r
105 ## - Campo de dados codificados: livros
Dados codificados dos livros a z 000gy
215 ## - Descrição física 
Indicação específica da natureza do documento e extensão da espécie [32] p.
Outras indicações físicas il.
Dimensões 21 X 21 cm
200 1# - Titulo e menção de responsabilidade
Título próprio Ler doce ler
Primeira menção de responsabilidade textos José Jorge Letria
Outras menções de responsabilidade il. Rui Castro
205 ## - Menção da edição
Menção da edição 1a ed
210 ## - Publicação, Distribuição, etc. 
Lugar da edição, distribuição, etc. Lisboa
Nome do editor, distribuidor, etc. Terramar
Data da publicação, distribuição, etc. 2004
675 ## - Classificação Decimal Universal (CDU)
Notação 087.5
Edição BN
Língua da edição por
Notação 821.134.3-93"19/20"
Edição BN
Língua da edição por
Notação 821.134.3-1"19/20"
Edição BN
Língua da edição por
702 #1 - Nome de autor-pessoa física (responsabilidade secundária)
Número de registo de entrada de autoridade 0000139
Palavra de ordem Castro
Outra parte do nome não tomada para palavra de ordem Rui
Datas 1974-
Código de função Ilustrador / Técnico de desenho computorizado
700 #1 - Nome de autor-pessoa física (responsabilidade principal)
Número de registo de entrada de autoridade 0000273
Palavra de ordem Letria
Outra parte do nome não tomada para palavra de ordem José Jorge
Datas 1951-
942 ## - Elementos de entrada adicionados (Koha)
Tipo de item no Koha Livro
Exemplares
Situação do levantamento Origin of item (home branch) (coded) Biblioteca de empréstimo Código de barras Cota Circulation type (not for loan) Tipo de documento Nota do exemplar Damaged status
  Biblioteca Escolar das Vendas Biblioteca Escolar das Vendas BEV997 8POR LET   Livro Sem mensagem